21 Experiments on Internet of Things (IOT) (Record no. 12506)

MARC details
000 -LEADER
fixed length control field 00412nam a22001697a 4500
003 - CONTROL NUMBER IDENTIFIER
control field OSt
008 - FIXED-LENGTH DATA ELEMENTS--GENERAL INFORMATION
fixed length control field 240415b |||||||| |||| 00| 0 eng d
020 ## - INTERNATIONAL STANDARD BOOK NUMBER
International Standard Book Number 9789386551832
082 ## - DEWEY DECIMAL CLASSIFICATION NUMBER
Classification number 004.678 KAE
100 ## - MAIN ENTRY--PERSONAL NAME
Personal name KANETKAR, Yashavant
245 ## - TITLE STATEMENT
Title 21 Experiments on Internet of Things (IOT)
250 ## - EDITION STATEMENT
Edition statement 1st Ed
260 ## - PUBLICATION, DISTRIBUTION, ETC. (IMPRINT)
Place of publication, distribution, etc New Delhi
Name of publisher, distributor, etc BPB
Date of publication, distribution, etc 2023
300 ## - PHYSICAL DESCRIPTION
Extent 266
700 ## - ADDED ENTRY--PERSONAL NAME
Personal name KORDE,Shrirang
942 ## - ADDED ENTRY ELEMENTS (KOHA)
Source of classification or shelving scheme Dewey Decimal Classification
Koha item type Text Books
Holdings
Withdrawn status Lost status Source of classification or shelving scheme Damaged status Not for loan Collection code Home library Current library Date acquired Source of acquisition Currency Cost, normal purchase price Bill Number Total Checkouts Full call number Acc. no. / Barcode Date last seen Actual Cost, discounted price Bill Date Koha item type
    Dewey Decimal Classification     MCA PIET C-LIBRARY PIET C-LIBRARY 31/03/2024 Zafaa Books and Distributors In rupees 498.00 ZBD0488   004.678 KAE 36994 15/04/2024 363.54 31/03/2024 Reference Books
    Dewey Decimal Classification     Computer Science and Engineering in AI & Machine Learning PIET C-LIBRARY PIET C-LIBRARY 31/03/2024 Zafaa Books and Distributors In rupees 498.00 ZBD0488   004.678 KAE 36995 15/04/2024 363.54 31/03/2024 Text Books
    Dewey Decimal Classification     Computer Science and Engineering in AI & Machine Learning PIET C-LIBRARY PIET C-LIBRARY 31/03/2024 Zafaa Books and Distributors In rupees 498.00 ZBD0488   004.678 KAE 36996 15/04/2024 363.54 31/03/2024 Text Books
    Dewey Decimal Classification     Computer Science and Engineering in AI & Machine Learning PIET C-LIBRARY PIET C-LIBRARY 31/03/2024 Zafaa Books and Distributors In rupees 498.00 ZBD0488   004.678 KAE 36997 15/04/2024 363.54 31/03/2024 Text Books
    Dewey Decimal Classification     Computer Science and Engineering in AI & Machine Learning PIET C-LIBRARY PIET C-LIBRARY 31/03/2024 Zafaa Books and Distributors In rupees 498.00 ZBD0488   004.678 KAE 36998 15/04/2024 363.54 31/03/2024 Text Books

Design & Developed by: PIET Central Library
R70 Miles Stone Pattikalyana Samalkha Panipat 132102
mail ID :- [email protected], Phone No:- 0180-2569700 Ex.216